| 000 | 00601nam a22001457a 4500 | ||
|---|---|---|---|
| 020 | _a9781542040464 | ||
| 082 |
_a823 _bBHA/G |
||
| 100 | _aBHAGAT, CHETAN | ||
| 245 | _aTHE GIRL IN ROOM 105 | ||
| 260 |
_aUS _bWESTLAND, SEATTLE |
||
| 300 | _a304 | ||
| 520 | _aIt tells about an IIT coaching class tutor who goes to wish his ex-girlfriend on her birthday and finds her murdered. The rest of the story is his journey where he stands by his ex-girlfriend after her death to find justice. The book also addresses the stereotypes and political issues in India. | ||
| 650 |
_aENGLISH STORY _zUS |
||
| 942 | _cBK | ||
| 999 |
_c6889 _d6889 |
||